00982 a2200229 4500003000500000005001700005010001700022020001500039040000900054082001600063100003200079245009200111250001200203260005500215300005600270505021300326650003400539651002300573942001200596999001900608952012500627Nust20221209090940.0 a 2001023488 a8120322290 cNust00a621.382,SCH1 aSchweber, William L.99736310aElectronic communication systems : (Include CD)ba complete course /cWilliam Schweber. a4th ed. aUpple Saddle River, N.J. :bPrentice Hall,cc2002. axii, 820 p. :bill. ;c27 cm. +e1 CD-ROM (43/4 in) aSpectrum, Noise and Modulation (Page-1), Media Transmission Lines and Wave Propagation (Page-182), Digital Systems (Page-276), Communications Systems and Applications (Page-388), Broadband Systems (Page-678). 0aTelecommunication Engineering a(Include CD)98953 2ddccBK c181592d181592 00102ddc4070aMCSbMCScGENd2016-12-12o621.382,SCHpMCS30375r2016-12-08w2016-12-12yBKzAlmirah No.35, Shelf No.5